000 00781nam a22002177a 4500
999 _c1115
_d1115
003 AR-CdUCM
008 190226b ||||| |||| 00| 0 spa d
040 _aMUNICIPALIDAD PROVINCIAL DEL CUSCO
_cBIBLIOTECA MUNICIPAL DEL CUSCO
082 _a869.209 /
_bR47
100 _aRey Beckford, Ricardo
_94365
245 _aEl Placido Aspecto del Mar /
_cRey Beckford, Ricardo ; Iriberri, Miguel A ( portada )
260 _aBuenos Aires :
_bEditorial Americana,
_c1964.
300 _a109 paginas ;
_c24cm.
505 _aEl cuadro -- Como no fue, como pudo ser -- La fractura -- Una cosa terrible -- Lucia...
650 _aHistorias
_92725
650 _aLiteratura
_983
650 _aCuentos
_9217
700 _aIriberri, Miguel A
_94366
942 _2ddc
_cLIBROS
945 _apjha
_d2019-02-26